| 000 | 01212cad a22002175a 4500 | ||
|---|---|---|---|
| 001 | L137123 | ||
| 008 | 070315s2007 xxkd f s 000 0 eng d | ||
| 035 | _a(Sirsi) u137123 | ||
| 041 | 0 | _aeng | |
| 050 | 0 | 4 | _a380.1 $2 18 |
| 110 | 2 |
_aEssential Information Group _94336 |
|
| 245 | 0 | 0 |
_aRAPID (residential auction property investment data) _bissue 1: March 2007 _h[electronic resource] |
| 260 |
_aReigate _bEIG _c2007 |
||
| 520 | _aCovers the increasing popularity of auctions and provides details of regional trends in assured shorthold tenancy investment. Also gives AST yields by area. Includes information that: residential auction transactions are up 132% compared with 23% for all residential sales over the same period; auction's share of the residential market has increased by 89% over the past ten years; AST yields have fallen from 17.9% in 1997 to 7.2% in 2006; and AST yields converge in all four geographic Areas to a very narrow band of 6.9% to 7.5%. | ||
| 590 | _aKA NTK | ||
| 651 | 4 |
_aUnited Kingdom _y |
|
| 690 |
_aAuctioneering _96218 |
||
| 710 | 1 |
_aAllsop _93151 |
|
| 856 | 4 | 0 |
_uhttps://www.eigroup.co.uk/market-data/rapid/ _zView the item free of charge at www.eigroup.co.uk... |
| 942 | _n0 | ||
| 999 |
_c106650 _d106650 |
||